Vista normal Vista MARC

Entrada Personal Name

Número de registros utilizados en: 2

001 - CONTROL NUMBER

  • control field: 4988

003 - CONTROL NUMBER IDENTIFIER

  • control field: OSt

005 - DATE AND TIME OF LATEST TRANSACTION

  • control field: 20200605114847.0

008 - FIXED-LENGTH DATA ELEMENTS

  • fixed length control field: 200605|| aca||aabn | a|a d

040 ## - CATALOGING SOURCE

  • Original cataloging agency: OSt
  • Transcribing agency: OSt

100 ## - HEADING--PERSONAL NAME

  • Personal name: Godelier, Maurice,

670 ## - SOURCE DATA FOUND

  • Source citation: Work cat.: (OSt)4390: Godelier, Maurice, autor, Racionalidad e irracionalidad en la economía /, 1967